Unemployment, growth and taxation in industrial countries
Gespeichert in:
| 1. Verfasser: | |
|---|---|
| Weitere Verfasser: | |
| Format: | Buch |
| Sprache: | Englisch |
| Veröffentlicht: |
Milano
IGIER
1997
|
| Schriftenreihe: | Working paper series
Working paper n. 122 |
| Schlagworte: | |
| Tags: |
Keine Tags, Fügen Sie das erste Tag hinzu!
|
MARC
| LEADER | 00000nam a2200000 4500 | ||
|---|---|---|---|
| 001 | c109120 | ||
| 005 | 20221124075027.5 | ||
| 041 | 0 | |a eng | |
| 044 | |a IT | ||
| 245 | 1 | 0 | |a Unemployment, growth and taxation in industrial countries |c Francesco Daveri, Guido Tabellini |
| 264 | 1 | |a Milano |b IGIER |c 1997 | |
| 300 | |a 58 s. | ||
| 490 | 1 | |a Working paper series |v Working paper n. 122 | |
| 830 | 0 | |a Working paper series |v Working paper n. 122 | |
| 610 | 2 | 0 | |a nezamestnanosť |
| 610 | 2 | 0 | |a rast hospodársky |
| 610 | 2 | 0 | |a zdaňovanie |
| 610 | 2 | 0 | |a krajiny vyspelé |
| 610 | 2 | 0 | |a trh práce |
| 610 | 2 | 0 | |a dane |
| 100 | 1 | |a Daveri, Francesco | |
| 700 | 1 | |a Tabellini, Guido | |